[Event "Contrecoeur-C"]
[Site "Contrecoeur CAN"]
[Date "2018.11.03"]
[Round "2.10"]
[White "Perron, Bernard"]
[Black "Jiang, Barron Jiyu"]
[Result "0-1"]
[WhiteElo "1248"]
[BlackElo "1422"]
[PlyCount "74"]
[EventDate "2018.11.02"]
[EventType "swiss"]
[EventRounds "5"]
[EventCountry "CAN"]

1. d4 Nf6 2. c4 e5 3. Nc3 exd4 4. Qxd4 Be7 5. e4 d6 6. h3 Be6 7. Nf3 O-O 8. Bd3
Nc6 9. Qe3 Ne5 10. Nxe5 dxe5 11. O-O c6 12. b3 Qa5 13. Bd2 Qc5 14. Na4 Qd6 15.
a3 Qd7 16. Nc5 Bxc5 17. Qxc5 Qxd3 18. Qb4 a5 19. Qc3 Qxc3 20. Bxc3 Nxe4 21.
Bxe5 Nd2 22. Rfd1 Nxb3 23. Rab1 Bxc4 24. Rd7 b5 25. Bc7 Ra7 26. Rbd1 Bd5 27.
Re1 Be6 28. Re7 Rc8 29. Rd1 Bd5 30. Rde1 h6 31. Bd6 Rxe7 32. Rxe7 c5 33. Re5
Be6 34. Re3 c4 35. Be5 b4 36. axb4 axb4 37. Bd6 Nc5 0-1

[Event "Contrecoeur-C"]
[Site "Contrecoeur CAN"]
[Date "2018.11.03"]
[Round "2.11"]
[White "Menard, Marc"]
[Black "Bilodeau-Savaria, Sandy-Rose"]
[Result "1-0"]
[WhiteElo "1323"]
[BlackElo "1052"]
[PlyCount "83"]
[EventDate "2018.11.02"]
[EventType "swiss"]
[EventRounds "5"]
[EventCountry "CAN"]

1. e4 c5 2. Nf3 d6 3. d4 cxd4 4. Nxd4 Nc6 5. Nc3 Qc7 6. Nxc6 bxc6 7. g3 Nf6 8.
Bf4 e5 9. Bd2 Be7 10. Bg2 Bb7 11. O-O a6 12. a3 d5 13. exd5 cxd5 14. Re1 O-O
15. Qe2 e4 16. Bf4 Qd7 17. Rad1 Qf5 18. Qd2 Rfd8 19. Ne2 Bc5 20. Nd4 Bxd4 21.
Qxd4 h6 22. Rd2 a5 23. Red1 Rd7 24. Be5 h5 25. Bxf6 gxf6 26. c4 Re7 27. cxd5
Rd8 28. d6 Re6 29. Qb6 Rd7 30. Qa7 Qe5 31. Qb8+ Kh7 32. Bh3 Re8 33. Qa7 Rdd8
34. Qxb7 f5 35. Qxf7+ Kh8 36. Bxf5 Qg7 37. Qxh5+ Kg8 38. d7 Re7 39. Rd6 Qxb2
40. Rg6+ Kf7 41. Qh7+ Kf8 42. Qg8# 1-0

[Event "Contrecoeur-C"]
[Site "Contrecoeur CAN"]
[Date "2018.11.03"]
[Round "3.1"]
[White "Couture-Harpin, Nicolas"]
[Black "Cassista, Jeremie"]
[Result "0-1"]
[WhiteElo "1510"]
[BlackElo "1529"]
[PlyCount "56"]
[EventDate "2018.11.02"]
[EventType "swiss"]
[EventRounds "5"]
[EventCountry "CAN"]

1. Nf3 Nf6 2. g3 g6 3. c4 Bg7 4. d4 d6 5. Bg2 O-O 6. O-O c6 7. Nc3 Qc7 8. Bf4
Nh5 9. Bg5 e5 10. Rc1 f6 11. Bd2 f5 12. dxe5 dxe5 13. e4 f4 14. Ne2 Qe7 15. Qb3
Na6 16. Bc3 Nc5 17. Qa3 g5 18. Nxg5 Qxg5 19. Bf3 fxg3 20. fxg3 Qe3+ 21. Kg2
Rxf3 22. Rxf3 Qxe2+ 23. Rf2 Qxe4+ 24. Kg1 Nd3 25. Qe7 Nxf2 26. Qe8+ Bf8 27.
Qxh5 Nh3+ 28. Kf1 Qf5+ 0-1

[Event "Contrecoeur-C"]
[Site "Contrecoeur CAN"]
[Date "2018.11.03"]
[Round "3.2"]
[White "Roy, Jean-Marie"]
[Black "Sonn, Eric"]
[Result "1-0"]
[WhiteElo "1497"]
[BlackElo "1479"]
[PlyCount "137"]
[EventDate "2018.11.02"]
[EventType "swiss"]
[EventRounds "5"]
[EventCountry "CAN"]

1. e4 c5 2. Nf3 e6 3. d4 cxd4 4. Nxd4 a6 5. Bd3 Qc7 6. Be3 Nf6 7. c3 d6 8. Nd2
Nbd7 9. Rc1 Be7 10. O-O b6 11. f3 Bb7 12. Be2 Rd8 13. c4 O-O 14. Rc2 Qb8 15.
Qb1 d5 16. exd5 exd5 17. Nf5 Rfe8 18. Bf2 Bf8 19. Re1 Re6 20. Nb3 Nh5 21. cxd5
Bxd5 22. Bc4 Bxc4 23. Rxc4 Rxe1+ 24. Qxe1 Ne5 25. Rd4 Rxd4 26. Bxd4 Ng6 27. g3
a5 28. Qe3 a4 29. Nd2 b5 30. a3 Qc8 31. Qe4 Bc5 32. Kg2 Bxd4 33. Nxd4 Nf6 34.
Qc2 Qxc2 35. Nxc2 Nd5 36. Ne4 Ne5 37. Nd6 Nc7 38. Nd4 Nc4 39. N4xb5 Nxb5 40.
Nxb5 Nxb2 41. Kf2 Kf8 42. Ke2 Ke7 43. Kd2 Nc4+ 44. Kd3 Nb6 45. Kd4 Ke6 46. g4
g5 47. Nc7+ Kd6 48. Ne8+ Ke6 49. Ng7+ Kd6 50. Nf5+ Ke6 51. h4 gxh4 52. Nxh4 Kd6
53. f4 Nd5 54. Ng2 Nc7 55. Kc4 Na6 56. Ne3 Kc6 57. Nd5 Nc5 58. Nc3 Kb6 59. Kd4
Ne6+ 60. Ke5 Ka5 61. f5 Nc7 62. Kf6 Nb5 63. Nxa4 Kxa4 64. Kxf7 Nd6+ 65. Ke7
Nxf5+ 66. gxf5 h5 67. f6 h4 68. f7 h3 69. f8=Q 1-0

[Event "Contrecoeur-C"]
[Site "Contrecoeur CAN"]
[Date "2018.11.03"]
[Round "3.3"]
[White "Straehl, Patrick"]
[Black "Otis, Normand"]
[Result "1/2-1/2"]
[WhiteElo "1439"]
[BlackElo "1339"]
[PlyCount "49"]
[EventDate "2018.11.02"]
[EventType "swiss"]
[EventRounds "5"]
[EventCountry "CAN"]

1. d4 Nf6 2. c4 g6 3. Nf3 Bg7 4. e3 O-O 5. Nc3 d6 6. Bd3 Nc6 7. a3 Nd7 8. O-O
e5 9. d5 Ne7 10. e4 f5 11. exf5 Nxf5 12. Qc2 Nc5 13. Ne4 Nxd3 14. Qxd3 h6 15.
b4 Nh4 16. Nxh4 Qxh4 17. Bb2 Bf5 18. Rae1 Rf7 19. Qe3 Bxe4 20. Qxe4 Qxe4 21.
Rxe4 Raf8 22. a4 Rf4 23. Rxf4 Rxf4 24. Rc1 b6 25. Ba3 1/2-1/2

[Event "Contrecoeur-C"]
[Site "Contrecoeur CAN"]
[Date "2018.11.03"]
[Round "3.4"]
[White "Courtemanche, Sylvain"]
[Black "Letarte-Lavoie, Francis"]
[Result "0-1"]
[WhiteElo "1443"]
[BlackElo "1233"]
[PlyCount "86"]
[EventDate "2018.11.02"]
[EventType "swiss"]
[EventRounds "5"]
[EventCountry "CAN"]

1. e4 e6 2. d4 d5 3. Nc3 Bb4 4. e5 c5 5. Bd2 cxd4 6. Nb5 Bxd2+ 7. Qxd2 Nc6 8.
f4 Nh6 9. Nd6+ Kf8 10. Nf3 Qb6 11. O-O-O Ng4 12. h3 Ne3 13. Re1 Nb4 14. Nxd4
Nxf1 15. Rhxf1 Nxa2+ 16. Kb1 Nb4 17. Rf3 Nc6 18. Nxc6 bxc6 19. Rb3 Qc7 20. Qb4
c5 21. Qb5 Bd7 22. Qb7 Qxb7 23. Rxb7 Ke7 24. Re3 c4 25. b3 Rhb8 26. Rc7 Kd8 27.
Rc5 cxb3 28. Rxb3 Rxb3+ 29. cxb3 Rb8 30. Kb2 Ba4 31. Nxf7+ Kd7 32. Ra5 Rxb3+
33. Ka2 Rb4 34. Ka3 Rxf4 35. Rxa4 Rf2 36. Rxa7+ Kc6 37. Ra6+ Kb5 38. Rxe6 Rxf7
39. Rd6 Kc5 40. Kb3 Re7 41. Rd8 Rxe5 42. Rd7 Re3+ 43. Kc2 Rg3 0-1

[Event "Contrecoeur-C"]
[Site "Contrecoeur CAN"]
[Date "2018.11.03"]
[Round "3.5"]
[White "Otis, Normand"]
[Black "Hernandez, Juan Felipe"]
[Result "1-0"]
[WhiteElo "1339"]
[BlackElo "1556"]
[PlyCount "121"]
[EventDate "2018.11.02"]
[EventType "swiss"]
[EventRounds "5"]
[EventCountry "CAN"]

1. e4 e5 2. Bc4 Nf6 3. d4 Nxe4 4. dxe5 d5 5. Bxd5 Ng5 6. Bxg5 Qxg5 7. Nf3 Qf4
8. Qd2 Qxd2+ 9. Nbxd2 c6 10. Bb3 Bc5 11. Ne4 Bb6 12. Nd6+ Kd7 13. Bxf7 Na6 14.
c3 Ke7 15. Nxc8+ Raxc8 16. e6 Nc7 17. O-O Nxe6 18. Bh5 Kf6 19. Bg4 Rcd8 20.
Bxe6 Kxe6 21. Rfe1+ Kf6 22. Rad1 Rxd1 23. Rxd1 Re8 24. Kf1 Rd8 25. Rxd8 Bxd8
26. Ke2 h5 27. Nd2 h4 28. h3 Kf5 29. Kf3 Bc7 30. Nc4 g5 31. Ne3+ Ke6 32. Kg4
Bf4 33. Nf5 Bc1 34. Nd4+ Kd5 35. b3 b5 36. Nf3 Bb2 37. Kxg5 Bxc3 38. Kxh4 c5
39. g4 c4 40. Ng1 Be1 41. Kg3 c3 42. Ne2 c2 43. Kf3 Bd2 44. h4 c1=Q 45. Nxc1
Bxc1 46. g5 Ke5 47. Kg4 Ke6 48. f4 Bb2 49. f5+ Kf7 50. h5 a5 51. h6 a4 52. g6+
Kf6 53. h7 Kg7 54. Kf4 axb3 55. axb3 b4 56. Ke4 Bc3 57. Kd5 Bf6 58. Ke6 Bc3 59.
h8=Q+ Kxh8 60. Kf7 Bg7 61. f6 1-0

[Event "Contrecoeur-C"]
[Site "Contrecoeur CAN"]
[Date "2018.11.03"]
[Round "3.5"]
[White "Pincince, Jacques"]
[Black "Moreau, Michel"]
[Result "1/2-1/2"]
[WhiteElo "1516"]
[BlackElo "1419"]
[PlyCount "55"]
[EventDate "2018.11.02"]
[EventType "swiss"]
[EventRounds "5"]
[EventCountry "CAN"]

1. e4 c6 2. d4 d5 3. exd5 cxd5 4. Bd3 Nc6 5. c3 Qc7 6. h3 g6 7. Nf3 Bg7 8. O-O
Nh6 9. Re1 O-O 10. Be3 Nf5 11. Na3 a6 12. Nc2 Nxe3 13. Nxe3 e6 14. Ng4 Ne7 15.
Qd2 Kh8 16. Nfe5 Ng8 17. Qf4 Qe7 18. Re3 f5 19. Nh2 Bh6 20. Qf3 Bxe3 21. Qxe3
Qg7 22. Nhf3 Nh6 23. Ng5 f4 24. Qe2 b5 25. g4 Ra7 26. f3 Qf6 27. h4 Rc7 28. Kg2
1/2-1/2

[Event "Contrecoeur-C"]
[Site "Contrecoeur CAN"]
[Date "2018.11.03"]
[Round "3.6"]
[White "Jiang, Barron Jiyu"]
[Black "Podariu, Cristian"]
[Result "1/2-1/2"]
[WhiteElo "1422"]
[BlackElo "1465"]
[PlyCount "105"]
[EventDate "2018.11.02"]
[EventType "swiss"]
[EventRounds "5"]
[EventCountry "CAN"]

1. e4 c5 2. Nf3 e6 3. d4 cxd4 4. Nxd4 a6 5. a3 Nf6 6. Nc3 Qc7 7. Be3 Be7 8. Nb3
b5 9. Bd3 Bb7 10. Nd2 d5 11. exd5 Nxd5 12. Nxd5 Bxd5 13. O-O Nd7 14. Be4 Nf6
15. Bf3 O-O 16. Bg5 Rad8 17. Rc1 h6 18. Be3 Bxf3 19. Qxf3 Nd5 20. Rfd1 Qe5 21.
Rb1 Nxe3 22. Qxe3 Qxe3 23. fxe3 f5 24. Nf3 Rxd1+ 25. Rxd1 Rd8 26. Rd3 Bf6 27.
b3 Rxd3 28. cxd3 e5 29. Kf2 Kf7 30. e4 g6 31. Ke3 f4+ 32. Kd2 Ke6 33. Kc3 Be7
34. a4 g5 35. h3 h5 36. d4 exd4+ 37. Nxd4+ Ke5 38. Nc6+ Kxe4 39. Nxe7 g4 40.
hxg4 hxg4 41. Kd2 bxa4 42. bxa4 f3 43. g3 f2 44. Ke2 f1=Q+ 45. Kxf1 Kf3 46. Nf5
Ke4 47. Nh6 Kf3 48. Nxg4 Kxg3 49. Ne5 Kf4 50. Nc4 Ke4 51. Ke2 Kd4 52. Nb2 Kc3
53. a5 1/2-1/2

[Event "Contrecoeur-C"]
[Site "Contrecoeur CAN"]
[Date "2018.11.03"]
[Round "3.7"]
[White "Bilodeau-Savaria, Carl-William"]
[Black "Menard, Marc"]
[Result "0-1"]
[WhiteElo "1187"]
[BlackElo "1323"]
[PlyCount "82"]
[EventDate "2018.11.02"]
[EventType "swiss"]
[EventRounds "5"]
[EventCountry "CAN"]

1. e4 e5 2. Nf3 Nc6 3. Bb5 a6 4. Ba4 b5 5. Bb3 Nf6 6. O-O Bc5 7. c3 O-O 8. Re1
d6 9. d4 Bb6 10. h3 Na5 11. Bc2 Re8 12. Bg5 Nc4 13. b3 Na5 14. dxe5 h6 15. Bxf6
gxf6 16. exd6 cxd6 17. Nd4 Re5 18. Re3 Rg5 19. h4 Rg7 20. Rg3 Qf8 21. Rxg7+
Qxg7 22. Nf5 Bxf5 23. exf5 Rd8 24. Qf3 d5 25. Nd2 Nc6 26. Rd1 Ne5 27. Qe2 d4
28. cxd4 Rxd4 29. Ne4 Rxd1+ 30. Qxd1 Bc7 31. Nc5 a5 32. Nd7 b4 33. f4 Nxd7 34.
Qxd7 Bxf4 35. Qd8+ Kh7 36. Qxa5 Be3+ 37. Kh2 Bf4+ 38. Kg1 Qg3 39. Qxb4 Be3+ 40.
Kh1 Qf2 41. Kh2 Bf4+ 0-1

[Event "Contrecoeur-C"]
[Site "Contrecoeur CAN"]
[Date "2018.11.03"]
[Round "3.8"]
[White "Hernandez, Juan Felipe"]
[Black "Cormier, Benoit"]
[Result "1-0"]
[WhiteElo "1556"]
[BlackElo "1272"]
[PlyCount "99"]
[EventDate "2018.11.02"]
[EventType "swiss"]
[EventRounds "5"]
[EventCountry "CAN"]

1. e4 c5 2. Nf3 Nc6 3. c3 e6 4. d4 d5 5. dxc5 Bxc5 6. exd5 exd5 7. Be2 Nf6 8.
O-O O-O 9. Nbd2 Be6 10. Nb3 Bb6 11. Bg5 h6 12. Bh4 g5 13. Bg3 Bc7 14. Bxc7 Qxc7
15. Nbd4 a6 16. Bd3 Kg7 17. Re1 Nxd4 18. Nxd4 Rae8 19. Qd2 Qd7 20. Nf3 Bf5 21.
Bxf5 Qxf5 22. Nd4 Rxe1+ 23. Rxe1 Qd7 24. Qd3 Re8 25. Rxe8 Qxe8 26. Nf5+ Kf8 27.
Kf1 Qe4 28. Qxe4 Nxe4 29. Nxh6 Ke7 30. Ke2 Ke6 31. Ng4 f5 32. Ne3 f4 33. Nc2
Ke5 34. Nd4 Nc5 35. b3 Ne6 36. Nxe6 Kxe6 37. Kd3 Ke5 38. f3 b5 39. g3 a5 40. a3
a4 41. b4 fxg3 42. hxg3 Kd6 43. Kd4 Ke6 44. f4 g4 45. f5+ Kxf5 46. Kxd5 Kf6 47.
Kc5 Ke5 48. Kxb5 Ke4 49. c4 Kf3 50. c5 1-0

[Event "Contrecoeur-C"]
[Site "Contrecoeur CAN"]
[Date "2018.11.03"]
[Round "3.9"]
[White "Hu, Raymond"]
[Black "Arcand, Pierre"]
[Result "1-0"]
[WhiteElo "1393"]
[BlackElo "1175"]
[PlyCount "56"]
[EventDate "2018.11.02"]
[EventType "swiss"]
[EventRounds "5"]
[EventCountry "CAN"]

1. e4 e5 2. Nf3 Nc6 3. Nc3 Nf6 4. Bb5 Bb4 5. d3 h6 6. Bd2 O-O 7. Bxc6 bxc6 8.
Nxe5 Bb7 9. Nf3 Re8 10. O-O Nh7 11. Re1 d5 12. exd5 cxd5 13. Rxe8+ Qxe8 14.
Nxd5 Bd6 15. Nc3 Qe7 16. h3 Qf6 17. a3 Re8 18. Be3 c5 19. Qe2 Bxf3 20. Qxf3 Qe5
21. g3 g5 22. Re1 Qe7 23. Bd2 Qd8 24. Rxe8+ Qxe8 25. Ne4 Qd8 26. Bc3 Qb8 27.
Nf6+ Nxf6 28. Qxf6 Qf8 1-0

[Event "Contrecoeur-C"]
[Site "Contrecoeur CAN"]
[Date "2018.11.03"]
[Round "3.10"]
[White "Breton, Jules"]
[Black "Perron, Bernard"]
[Result "1-0"]
[WhiteElo "1373"]
[BlackElo "1248"]
[PlyCount "105"]
[EventDate "2018.11.02"]
[EventType "swiss"]
[EventRounds "5"]
[EventCountry "CAN"]

1. c4 e5 2. Nc3 Nf6 3. e4 Bc5 4. Nf3 d6 5. d4 exd4 6. Nxd4 a6 7. Nb3 Bb4 8. Bd2
O-O 9. Bd3 Re8 10. Qe2 Nbd7 11. O-O Nc5 12. Bc2 Bf5 13. f3 Qd7 14. Bg5 Bxc3 15.
bxc3 Qe6 16. Nd4 Qe5 17. f4 Bg4 18. fxe5 Bxe2 19. Nxe2 dxe5 20. Bxf6 gxf6 21.
Rxf6 Kg7 22. Rf3 Re7 23. Ng3 Kh8 24. Nf5 Rd7 25. Rc1 Ne6 26. Ne3 Nf4 27. Nd5
Ne2+ 28. Kf2 Nxc1 29. Ba4 b5 30. cxb5 axb5 31. Bxb5 Rxa2+ 32. Kg3 Ne2+ 33. Kg4
f5+ 34. Kg5 Rg7+ 35. Kf6 Ra5 36. Bxe2 Rg6+ 37. Kxf5 Ra8 38. Kxe5 Re8+ 39. Kd4
Rd8 40. Ke3 Rxg2 41. Nxc7 Rc8 42. Nd5 Rxh2 43. Kd3 Rh4 44. Kd4 Re8 45. Bd3 Rd8
46. c4 Rg4 47. c5 Rg7 48. c6 Ra7 49. Bb5 h5 50. Rh3 Rh7 51. Kc5 h4 52. Ba6 Rg8
53. c7 1-0

[Event "Contrecoeur-C"]
[Site "Contrecoeur CAN"]
[Date "2018.11.03"]
[Round "3.11"]
[White "Berlinguet, Etienne"]
[Black "Bilodeau-Savaria, Sandy-Rose"]
[Result "0-1"]
[WhiteElo "1307"]
[BlackElo "1052"]
[PlyCount "106"]
[EventDate "2018.11.02"]
[EventType "swiss"]
[EventRounds "5"]
[EventCountry "CAN"]

1. e4 c5 2. Nc3 e6 3. f4 Nc6 4. Nf3 Qc7 5. d3 a6 6. Be2 d6 7. O-O Nf6 8. Re1
Be7 9. Bf1 O-O 10. Ne2 b5 11. Ng3 Rd8 12. Ng5 Bb7 13. Nh5 b4 14. Re3 g6 15.
Nxf6+ Bxf6 16. Rh3 Bxg5 17. fxg5 d5 18. Qg4 Qe5 19. Qh4 dxe4 20. Qxh7+ Kf8 21.
Qh4 exd3 22. Bf4 Qd4+ 23. Qf2 Qxf2+ 24. Kxf2 dxc2 25. Rc1 Nd4 26. Be5 Rac8 27.
Bf6 Ke8 28. Rh8+ Kd7 29. Rxd8+ Rxd8 30. Bxd8 Kxd8 31. Ke3 a5 32. g3 a4 33. b3
axb3 34. axb3 Bd5 35. Bc4 Bxc4 36. bxc4 b3 37. Rxc2 bxc2 38. Kd2 Kd7 39. h4 e5
40. g4 Ke6 41. h5 gxh5 42. gxh5 Kf5 43. h6 Kg6 44. Kc1 e4 45. Kd2 e3+ 46. Kc1
e2 47. Kd2 e1=Q+ 48. Kxe1 c1=Q+ 49. Kf2 Qxg5 50. h7 Kxh7 51. Kf1 Kg6 52. Kf2
Qg4 53. Ke3 Kf5 0-1

[Event "Contrecoeur-C"]
[Site "Contrecoeur CAN"]
[Date "2018.11.04"]
[Round "4.1"]
[White "Cassista, Jeremie"]
[Black "Roy, Jean-Marie"]
[Result "1-0"]
[WhiteElo "1529"]
[BlackElo "1497"]
[PlyCount "115"]
[EventDate "2018.11.02"]
[EventType "swiss"]
[EventRounds "5"]
[EventCountry "CAN"]

1. e4 c5 2. c3 Nf6 3. e5 Nd5 4. Nf3 e6 5. a3 Nc6 6. d4 cxd4 7. cxd4 Be7 8. Bc4
Nb6 9. Bb3 d5 10. O-O Bd7 11. Nc3 a6 12. Be3 Rc8 13. Nd2 Na7 14. f4 g6 15. g4
O-O 16. g5 Bc6 17. Qe2 Qd7 18. Bc2 Na4 19. Bxa4 Bxa4 20. Rfc1 Bc6 21. Nb3 Rc7
22. Na5 b5 23. b4 Nc8 24. Nb3 Nb6 25. Nc5 Bxc5 26. bxc5 Nc4 27. Kf2 Kg7 28. Na2
a5 29. Rc3 Rb7 30. Rb1 Rfb8 31. Rcb3 Qe8 32. Bd2 Qd8 33. Nc1 Qh8 34. Rh3 Qd8
35. Qe1 Qc7 36. Kg1 Rh8 37. Ne2 Qb8 38. Bxa5 Nxa5 39. Qxa5 Ra7 40. Qc3 Ra4 41.
Rb4 Qa7 42. Rxa4 Qxa4 43. Qb3 Qc4 44. Kf2 Ra8 45. Rc3 Qa4 46. Ke3 Qa6 47. Qb4
Rh8 48. Kd2 Ra8 49. Nc1 Qa4 50. Na2 Qa6 51. Rb3 Qb7 52. Nc3 Rb8 53. Qa5 Qd7 54.
Na2 Rb7 55. Qc3 Ra7 56. Nb4 Ra4 57. Qh3 Kg8 58. Qh6 1-0

[Event "Contrecoeur-C"]
[Site "Contrecoeur CAN"]
[Date "2018.11.04"]
[Round "4.2"]
[White "Letarte-Lavoie, Francis"]
[Black "Couture-Harpin, Nicolas"]
[Result "1/2-1/2"]
[WhiteElo "1233"]
[BlackElo "1510"]
[PlyCount "126"]
[EventDate "2018.11.02"]
[EventType "swiss"]
[EventRounds "5"]
[EventCountry "CAN"]

1. e4 Nf6 2. Nc3 e5 3. f4 d5 4. fxe5 Nxe4 5. Nf3 Be7 6. g3 c5 7. d3 Nxc3 8.
bxc3 d4 9. cxd4 cxd4 10. Bg2 Nc6 11. O-O O-O 12. h3 Be6 13. Bd2 Rc8 14. Qe1 Nb8
15. Bb4 Rxc2 16. Bxe7 Qxe7 17. Qa5 Nc6 18. Qa4 Qc5 19. Ng5 Qc3 20. Nxe6 fxe6
21. Rxf8+ Kxf8 22. Rf1+ Kg8 23. Bxc6 Qd2 24. Qxc2 Qxc2 25. Bb5 a6 26. Bc4 h6
27. Bxe6+ Kh7 28. Bf5+ g6 29. Be4 Qc7 30. Rf6 Qxe5 31. Rxg6 Kh8 32. Rxh6+ Kg8
33. Kf2 Qc5 34. Rg6+ Kf7 35. h4 Qc2+ 36. Kf3 a5 37. Rg5 Kf6 38. Rf5+ Ke6 39. h5
b6 40. h6 Qh2 41. Rb5 Qh1+ 42. Kg4 Qd1+ 43. Kh4 Qe2 44. Rxb6+ Ke5 45. Rb5+ Kf6
46. Rf5+ Ke6 47. g4 Qh2+ 48. Kg5 Ke7 49. Kg6 Qd6+ 50. Kg7 Ke8 51. h7 Qe7+ 52.
Kg6 Qe6+ 53. Kg5 Qe7+ 54. Kf4 Qg7 55. Rxa5 Qh6+ 56. Kg3 Qe3+ 57. Kh2 Qf2+ 58.
Kh3 Qe3+ 59. Kh4 Qe1+ 60. Kh3 Qe3+ 61. Kg2 Qe2+ 62. Kg3 Qe1+ 63. Kh3 Qe3+
1/2-1/2

[Event "Contrecoeur-C"]
[Site "Contrecoeur CAN"]
[Date "2018.11.04"]
[Round "4.3"]
[White "Sonn, Eric"]
[Black "Otis, Normand"]
[Result "1-0"]
[WhiteElo "1479"]
[BlackElo "1339"]
[PlyCount "51"]
[EventDate "2018.11.02"]
[EventType "swiss"]
[EventRounds "5"]
[EventCountry "CAN"]

1. e4 e6 2. Qe2 d5 3. exd5 Qxd5 4. Nf3 Nf6 5. Nc3 Qd8 6. g3 Bd7 7. Bg2 Bc6 8.
O-O Be7 9. a3 a6 10. b4 b5 11. d3 Nbd7 12. Bb2 O-O 13. Rad1 Nb6 14. h4 Nbd5 15.
Ne5 Nxc3 16. Bxc3 Bxg2 17. Kxg2 Nd5 18. Bb2 Bxh4 19. c4 Nb6 20. gxh4 Qxh4 21.
Rh1 Qg5+ 22. Kf1 Na4 23. Ba1 Rad8 24. Rg1 Qh4 25. Rxg7+ Kh8 26. Nxf7+ 1-0

[Event "Contrecoeur-C"]
[Site "Contrecoeur CAN"]
[Date "2018.11.04"]
[Round "4.4"]
[White "Moreau, Michel"]
[Black "Straehl, Patrick"]
[Result "1/2-1/2"]
[WhiteElo "1419"]
[BlackElo "1439"]
[PlyCount "73"]
[EventDate "2018.11.02"]
[EventType "swiss"]
[EventRounds "5"]
[EventCountry "CAN"]

1. d4 Nf6 2. Bf4 d5 3. e3 e6 4. Nd2 Bd6 5. Bg3 c6 6. c3 O-O 7. Bd3 Qc7 8. Ngf3
Nbd7 9. Qb1 Re8 10. O-O Bxg3 11. hxg3 e5 12. dxe5 Nxe5 13. Nxe5 Qxe5 14. Nf3
Qh5 15. Be2 Bg4 16. Qd1 c5 17. Re1 Bxf3 18. gxf3 Re6 19. Kg2 Qe5 20. Rc1 Rd8
21. Rc2 Red6 22. Rd2 g5 23. Qc2 Kg7 24. Rh1 Rh8 25. Rdd1 h5 26. Rh2 g4 27. fxg4
Nxg4 28. Bxg4 hxg4 29. Rxh8 Kxh8 30. Rh1+ Kg8 31. Qh7+ Kf8 32. Qh8+ Qxh8 33.
Rxh8+ Ke7 34. Rg8 d4 35. cxd4 cxd4 36. exd4 Rxd4 37. Rc8 1/2-1/2

[Event "Contrecoeur-C"]
[Site "Contrecoeur CAN"]
[Date "2018.11.04"]
[Round "4.5"]
[White "Menard, Marc"]
[Black "Hernandez, Juan Felipe"]
[Result "0-1"]
[WhiteElo "1323"]
[BlackElo "1556"]
[PlyCount "110"]
[EventDate "2018.11.02"]
[EventType "swiss"]
[EventRounds "5"]
[EventCountry "CAN"]

1. e4 e6 2. d4 d5 3. Nc3 Bb4 4. e5 c5 5. a3 Ba5 6. Bb5+ Bd7 7. Bxd7+ Qxd7 8.
Qg4 Ne7 9. Qxg7 Ng6 10. Nge2 Nc6 11. O-O Nce7 12. Qh6 Nf5 13. Qd2 Rg8 14. f4
cxd4 15. b4 dxc3 16. Qxc3 Bb6+ 17. Kh1 Rc8 18. Qd3 Ngh4 19. g3 Ng6 20. Rd1 Qc6
21. Qf3 Qxc2 22. Bd2 Qe4 23. Qxe4 dxe4 24. Rac1 Ke7 25. Rc3 Rgd8 26. Rxc8 Rxc8
27. Rc1 Rxc1+ 28. Bxc1 Be3 29. Bb2 Bd2 30. Kg2 Ne3+ 31. Kg1 Nc4 32. Bd4 Nxa3
33. Bxa7 Bxb4 34. Nd4 Kd7 35. Kf2 Bc3 36. Ke3 Bxd4+ 37. Bxd4 Ne7 38. Kxe4 Nc4
39. Kd3 b5 40. Kc3 Nd5+ 41. Kc2 Kc6 42. Bf2 b4 43. Kb3 Kb5 44. Be1 Na5+ 45. Kb2
Kc4 46. Kb1 Nb3 47. Kb2 Nc5 48. Kc2 b3+ 49. Kb1 Nd3 50. Bd2 Nc3+ 51. Bxc3 Kxc3
52. h3 Ne1 53. g4 Nf3 54. Kc1 b2+ 55. Kb1 Nd2+ 0-1

[Event "Contrecoeur-C"]
[Site "Contrecoeur CAN"]
[Date "2018.11.04"]
[Round "4.6"]
[White "Courtemanche, Sylvain"]
[Black "Pincince, Jacques"]
[Result "1-0"]
[WhiteElo "1443"]
[BlackElo "1516"]
[PlyCount "93"]
[EventDate "2018.11.02"]
[EventType "swiss"]
[EventRounds "5"]
[EventCountry "CAN"]

1. e4 c5 2. Nf3 d6 3. d4 cxd4 4. Nxd4 Nf6 5. Nc3 a6 6. Be3 e6 7. f3 Be7 8. Qd2
Qc7 9. O-O-O Nc6 10. g4 b5 11. g5 Nd7 12. Kb1 Nb6 13. Ndxb5 axb5 14. Nxb5 Qb7
15. Nxd6+ Bxd6 16. Qxd6 Nd7 17. f4 Ne7 18. Bc5 Nc6 19. f5 Nxc5 20. Qxc5 Ra5 21.
Qd6 Qd7 22. Bh3 Qxd6 23. Rxd6 Ne7 24. Rhd1 O-O 25. Rd8 Nd5 26. Rxf8+ Kxf8 27.
exd5 Rxd5 28. Rxd5 exd5 29. Bg2 d4 30. Be4 Ke7 31. b4 Kd6 32. f6 gxf6 33. gxf6
Ke5 34. Bxh7 Kxf6 35. Kb2 Ke5 36. c3 Be6 37. cxd4+ Kxd4 38. Bc2 f5 39. b5 f4
40. b6 Bd5 41. a4 f3 42. Bd1 Kc5 43. h4 Kb4 44. h5 f2 45. Be2 Kxa4 46. h6 Ka5
47. h7 1-0

[Event "Contrecoeur-C"]
[Site "Contrecoeur CAN"]
[Date "2018.11.04"]
[Round "4.7"]
[White "Podariu, Cristian"]
[Black "Hu, Raymond"]
[Result "1-0"]
[WhiteElo "1465"]
[BlackElo "1393"]
[PlyCount "127"]
[EventDate "2018.11.02"]
[EventType "swiss"]
[EventRounds "5"]
[EventCountry "CAN"]

1. d4 Nf6 2. c4 e6 3. Nf3 d5 4. Nc3 c5 5. cxd5 exd5 6. g3 Nc6 7. Bg2 Be6 8. O-O
h6 9. e3 Be7 10. b3 a6 11. Bb2 O-O 12. Rc1 cxd4 13. Nxd4 Rc8 14. Nce2 Qd7 15.
Nxe6 fxe6 16. e4 dxe4 17. Qxd7 Nxd7 18. Bxe4 Nc5 19. Bb1 Rfd8 20. Rfd1 Kf7 21.
Kg2 Nd7 22. h4 Nc5 23. Ng1 Nd7 24. Nf3 Nc5 25. Ne5+ Nxe5 26. Bxe5 b6 27. h5 Bf6
28. Bg6+ Ke7 29. Rxd8 Rxd8 30. Bc7 Rd2 31. Rc2 Rxc2 32. Bxc2 b5 33. Bf4 e5 34.
Be3 Kd6 35. b4 Nb7 36. Be4 Kc7 37. Kf3 a5 38. a3 axb4 39. axb4 Nd6 40. Bc2 Kc6
41. Be4+ Nxe4 42. Kxe4 Kd6 43. Kf5 Kd5 44. Bxh6 gxh6 45. Kxf6 Kc4 46. g4 Kxb4
47. g5 Kc3 48. gxh6 b4 49. h7 b3 50. h8=Q b2 51. Qb8 Kc2 52. Kxe5 b1=Q 53.
Qxb1+ Kxb1 54. h6 Kc2 55. h7 Kd2 56. h8=Q Ke2 57. f4 Ke3 58. Qh3+ Ke2 59. Ke4
Kd2 60. Qd3+ Kc1 61. Qe2 Kb1 62. Kd3 Ka1 63. Kc3 Kb1 64. Qb2# 1-0

[Event "Contrecoeur-C"]
[Site "Contrecoeur CAN"]
[Date "2018.11.04"]
[Round "4.8"]
[White "Bilodeau-Savaria, Carl-William"]
[Black "Jiang, Barron Jiyu"]
[Result "1-0"]
[WhiteElo "1187"]
[BlackElo "1422"]
[PlyCount "31"]
[EventDate "2018.11.02"]
[EventType "swiss"]
[EventRounds "5"]
[EventCountry "CAN"]

1. e4 c5 2. Nf3 d6 3. d4 cxd4 4. Nxd4 Nf6 5. Nc3 a6 6. Bc4 e6 7. Bg5 Be7 8. Qd2
O-O 9. O-O-O Qc7 10. Bb3 Nc6 11. Nxc6 bxc6 12. Bxf6 gxf6 13. Qh6 Rd8 14. Rd3
Bf8 15. Rg3+ Kh8 16. Qxf6+ 1-0

[Event "Contrecoeur-C"]
[Site "Contrecoeur CAN"]
[Date "2018.11.04"]
[Round "4.9"]
[White "Bilodeau-Savaria, Sandy-Rose"]
[Black "Breton, Jules"]
[Result "0-1"]
[WhiteElo "1052"]
[BlackElo "1373"]
[PlyCount "148"]
[EventDate "2018.11.02"]
[EventType "swiss"]
[EventRounds "5"]
[EventCountry "CAN"]

1. d4 d5 2. c4 e6 3. Nf3 c5 4. e3 Nf6 5. Nc3 Be7 6. Bd3 O-O 7. O-O a6 8. cxd5
exd5 9. a3 c4 10. Bc2 Bg4 11. h3 Bd7 12. e4 dxe4 13. Nxe4 Nd5 14. b3 b5 15.
bxc4 bxc4 16. Bg5 f6 17. Bd2 Qc7 18. Nc3 Be6 19. Nxd5 Bxd5 20. Bb4 Nc6 21. Bxe7
Nxe7 22. Re1 h6 23. Be4 Rac8 24. Rc1 Qd6 25. Rc3 Bxe4 26. Rxe4 Nd5 27. Rc2 Qxa3
28. Nd2 Nc3 29. Qf3 Qa1+ 30. Kh2 Nxe4 31. Qxe4 c3 32. Nb3 Qa3 33. Nc5 Rfe8 34.
Qd3 Qa5 35. Rxc3 Qc7+ 36. g3 a5 37. Ra3 Kh8 38. Nb3 Ra8 39. Qb5 Reb8 40. Qd5
Qc2 41. Kg2 a4 42. Nc5 Rd8 43. Qc6 Rdc8 44. Qd7 Rcb8 45. Nxa4 Qe4+ 46. Rf3 Rd8
47. Nc5 Qxf3+ 48. Kxf3 Rxd7 49. Nxd7 Rd8 50. Nc5 Rxd4 51. g4 Rc4 52. Ne6 Rc3+
53. Kf4 Rxh3 54. Kf5 Kh7 55. f4 Ra3 56. g5 Ra5+ 57. Kg4 Ra6 58. Kf5 Rxe6 59.
Kxe6 Kg6 60. gxh6 gxh6 61. f5+ Kg5 62. Kd5 Kxf5 63. Kd4 Kf4 64. Kd3 Kf3 65. Kd2
Kf2 66. Kd3 f5 67. Kd2 f4 68. Kd3 f3 69. Ke4 Ke2 70. Kf5 f2 71. Kg6 f1=Q 72.
Kxh6 Qg2 73. Kh5 Kf3 74. Kh6 Kf4 0-1